Much ado about nothing. (Record no. 16727)
[ view plain ]
| 000 -LEADER | |
|---|---|
| fixed length control field | 00648cam a22002413a 4500 |
| 001 - CONTROL NUMBER | |
| control field | 15971047 |
| 003 - CONTROL NUMBER IDENTIFIER | |
| control field | NUST |
| 005 - DATE AND TIME OF LATEST TRANSACTION | |
| control field | 20190328063422.0 |
| 008 - FIXED-LENGTH DATA ELEMENTS--GENERAL INFORMATION | |
| fixed length control field | 960926s1963 xx 000 0 eng |
| 010 ## - LIBRARY OF CONGRESS CONTROL NUMBER | |
| LC control number | 2009658339 |
| 020 ## - INTERNATIONAL STANDARD BOOK NUMBER | |
| International Standard Book Number | 0553213016 |
| 020 ## - INTERNATIONAL STANDARD BOOK NUMBER | |
| International Standard Book Number | 0521293677 (pbk.) |
| 035 ## - SYSTEM CONTROL NUMBER | |
| System control number | coe96001851 |
| 038 ## - RECORD CONTENT LICENSOR | |
| Staff Name | ASAB |
| 040 ## - CATALOGING SOURCE | |
| Transcribing agency | ASAB |
| 050 00 - LIBRARY OF CONGRESS CALL NUMBER | |
| Classification number | PN2093 |
| Item number | .C64 1995 no. M260 |
| 082 ## - DEWEY DECIMAL CLASSIFICATION NUMBER | |
| Classification number | 822.3/3 |
| 100 ## - MAIN ENTRY--PERSONAL NAME | |
| Personal name | Shakespeare, William, |
| 9 (RLIN) | 11199 |
| 245 00 - TITLE STATEMENT | |
| Title | Much ado about nothing. |
| Statement of responsibility, etc. | by Shakespeare, William, |
| 260 ## - PUBLICATION, DISTRIBUTION, ETC. | |
| Date of publication, distribution, etc. | New York : |
| Place of publication, distribution, etc. | Cambridge [Cambridgeshire] ; |
| Name of publisher, distributor, etc. | 1988. |
| 300 ## - PHYSICAL DESCRIPTION | |
| Extent | xiv, 162 p. : |
| Other physical details | ill. ; |
| Dimensions | 24 cm. |
| 942 ## - ADDED ENTRY ELEMENTS (KOHA) | |
| Source of classification or shelving scheme | |
| Koha item type | Fiction |
| Withdrawn status | Lost status | Source of classification or shelving scheme | Damaged status | Not for loan | Permanent Location | Current Location | Date acquired | Total Checkouts | Full call number | Barcode | Date last seen | Price effective from | Koha item type |
|---|---|---|---|---|---|---|---|---|---|---|---|---|---|
| Atta-ur-Rahman School of Applied Biosciences (ASAB) | Atta-ur-Rahman School of Applied Biosciences (ASAB) | 12/17/2013 | Fic Sha | ASAB3016 | 03/28/2019 | 12/17/2013 | Book | ||||||
| Atta-ur-Rahman School of Applied Biosciences (ASAB) | Atta-ur-Rahman School of Applied Biosciences (ASAB) | 12/17/2013 | Fic Sha | ASAB3015 | 12/17/2013 | 12/17/2013 | Book | ||||||
| Atta-ur-Rahman School of Applied Biosciences (ASAB) | Atta-ur-Rahman School of Applied Biosciences (ASAB) | 12/17/2013 | Fic Sha | ASAB3014 | 12/17/2013 | 12/17/2013 | Book |
